000 00539nam a2200181Ia 4500
005 20250508163507.0
008 008 250505s9999 xx 000 0 eng d
037 _aTextual
040 _aFEDL
_beng
_cFEDL
041 _aeng
_2eng
084 _a973, MUS
_qFEDL
100 _aMuse Benjamin
_9152077
245 0 _aAmerican negro revolution : From nonviolence to black power 1963-1967
260 _aBombay, India
_bLalvani Publishing House
_c1968
300 _a345p.
942 _cTEXL
_h973, MUS
999 _c1383669
_d1383669